000 00585nam a2200181 i 4500
001 113380
003 ES-MaACL
005 20250910063114.0
007 t|
008 061121s1942 sp r ||||1| spa d
100 1 _aPalacios, Julio,
_d1891-1970
_988408
245 1 0 _aIntroducción a la mecánica física /
_cpor Julio Palacios.
260 _aMadrid :
_b[s. n.],
_c1942 (
_fImp. y Talls. Gráf. del Ministerio del Aire)
300 _aVII, 490 p. :
_bil. ;
_c26 cm.
650 0 7 _aMecánica
_2embne
_914869
852 _aES-MaACL
_jF-15547
_bR.19794
999 _c113380
_d113380